Nghiên cứu, xây dựng chuẩn năng lực ứng dụng công nghệ thông tin dành cho giáo viên Tiểu học và giáo viên Mầm non

Αποθηκεύτηκε σε:
Λεπτομέρειες βιβλιογραφικής εγγραφής
Κύριος συγγραφέας: Nguyễn Thanh Tuấn (Chủ nhiệm đề tài)
Μορφή: Βιβλίο
Έκδοση: 2014
Ετικέτες: Προσθήκη ετικέτας
Δεν υπάρχουν, Καταχωρήστε ετικέτα πρώτοι!
Thư viện lưu trữ: Mạng thư viện Đại học Đà Nẵng
LEADER 00813nam a2200229 4500
001 000023276
003 19726
005 20150814140830.0
008 150814s2014 sd
100 1 |a Nguyễn Thanh Tuấn  |e Chủ nhiệm đề tài 
245 1 0 |a Nghiên cứu, xây dựng chuẩn năng lực ứng dụng công nghệ thông tin dành cho giáo viên Tiểu học và giáo viên Mầm non  |c Nguyễn Thanh Tuấn 
260 |c 2014 
500 |a Đề tài NCKH cấp Trường Đại học Sư Phạm Đà Nẵng . Mã số : T2013-03-41 
OWN |a LSP 
999 |a From the UDN01 
TYP |a Mixed Materials 
TYP |a Monograph 
TYP |a Printed language 
980 |a Mạng thư viện Đại học Đà Nẵng